Normal view
MARC view
- العلوم التطبيقية -- التنمية الادارية
Entry Topical Term
001 - CONTROL NUMBER
- control field: 28390
003 - CONTROL NUMBER IDENTIFIER
- control field: JO-AjAnu
005 - DATE AND TIME OF LATEST TRANSACTION
- control field: 20230606074818.0
008 - FIXED-LENGTH DATA ELEMENTS
- fixed length control field: 230606|| aca||aabn | a|a d
040 ## - CATALOGING SOURCE
- Original cataloging agency: JO-AjAnu
- Transcribing agency: JO-AjAnu
150 ## - HEADING--TOPICAL TERM
- Topical term or geographic name entry element: العلوم التطبيقية -- التنمية الادارية
670 ## - SOURCE DATA FOUND
- Source citation: Work cat.: (JO-AjAnu)14574: اللوزي ، موسى, author 28389, التنمية الإدارية : المفاهيم ، الأسس ، التطبيقات